[Event "Junior Online 4NCL Division 3"]
[Site "online"]
[Date "2020.09.03"]
[Round "2.135"]
[White "Sehgal, Garv"]
[Black "Flanders, William"]
[Result "1-0"]
[WhiteElo "1000"]
[BlackElo "1111"]
[PlyCount "85"]
[EventDate "2020.09.03"]
[WhiteTeam "Leicestershire Juniors 4"]
[BlackTeam "Surrey Kings 2"]

1. e4 e6 2. Nc3 Nf6 3. Bc4 d5 4. exd5 exd5 5. Bd3 d4 6. Ne4 Bf5 7. Nxf6+ gxf6
8. Bxf5 Qd5 9. Qe2+ Be7 10. Be4 Qe5 11. Bxb7 Qxe2+ 12. Nxe2 Nc6 13. Bxa8 Nb4
14. Nxd4 Bc5 15. O-O Bxd4 16. c3 Nc2 17. Rb1 Be5 18. d4 Bd6 19. Bc6+ Ke7 20.
Be4 Nxd4 21. cxd4 c5 22. dxc5 Bxc5 23. Be3 Bxe3 24. fxe3 Re8 25. Bxh7 Kd7 26.
Rxf6 Rxe3 27. Rxf7+ Ke6 28. Rxa7 Kf6 29. Rf1+ Kg5 30. Ra5+ Kh6 31. Bc2 Re7 32.
Rf6+ Kg7 33. Rg6+ Kf7 34. Rh6 Kg8 35. Ra8+ Kg7 36. Rh7+ Kf6 37. Rxe7 Kxe7 38.
Ra3 Kd6 39. Re3 Kd5 40. Re8 Kd6 41. Re1 Kd5 42. h4 Kd6 43. h5 1-0

[Event "Junior Online 4NCL Division 3"]
[Site "online"]
[Date "2020.09.03"]
[Round "2.136"]
[White "Baker, Luke"]
[Black "Norton, Laurence"]
[Result "0-1"]
[WhiteElo "1000"]
[BlackElo "1000"]
[PlyCount "46"]
[EventDate "2020.09.03"]
[WhiteTeam "Surrey Kings 2"]
[BlackTeam "Leicestershire Juniors 4"]

1. e4 e5 2. Nf3 Nc6 3. Bc4 d6 4. Nc3 Nf6 5. O-O Bg4 6. Bb5 Bxf3 7. gxf3 Be7 8.
Nd5 Nxd5 9. exd5 Bh4 10. dxc6 Qg5+ 11. Kh1 bxc6 12. Bxc6+ Ke7 13. Bxa8 Rxa8 14.
Rg1 Qf4 15. d3 Qf5 16. Rg4 Bxf2 17. Rxg7 Qf6 18. Rxh7 Rg8 19. h3 Rg1+ 20. Kh2
Rxd1 21. Kg2 Qg5+ 22. Kxf2 Qg1+ 23. Ke2 Qe1# 0-1

[Event "Junior Online 4NCL Division 3"]
[Site "online"]
[Date "2020.09.03"]
[Round "2.137"]
[White "Morris, Conor"]
[Black "Salguero, Santiago"]
[Result "0-1"]
[WhiteElo "992"]
[BlackElo "1000"]
[PlyCount "20"]
[EventDate "2020.09.03"]
[WhiteTeam "Leicestershire Juniors 4"]
[BlackTeam "Surrey Kings 2"]

1. e4 e5 2. Qh5 Nf6 3. Qxe5+ Be7 4. Nf3 d6 5. Qg5 Nxe4 6. Qxg7 Bf6 7. Qg4 Bxg4
8. Nh4 Bxh4 9. Bd3 Nxf2 10. Rf1 Nxd3# 0-1

[Event "Junior Online 4NCL Division 3"]
[Site "online"]
[Date "2020.09.03"]
[Round "2.141"]
[White "Goswami, Pratyush"]
[Black "Lyons, Joseph"]
[Result "1-0"]
[WhiteElo "1262"]
[BlackElo "1367"]
[PlyCount "89"]
[EventDate "2020.09.03"]
[WhiteTeam "Rhodes Avenue Bishops"]
[BlackTeam "May The Fork Be With You 3"]

1. c4 e5 2. Nc3 Nf6 3. g3 Bb4 4. Bg2 O-O 5. e3 d6 6. Nge2 Bf5 7. Bxb7 Nbd7 8.
Bxa8 Qxa8 9. Rg1 Bxc3 10. Nxc3 Bg4 11. Ne2 Ne4 12. b3 Qd8 13. Qc2 Ndc5 14. b4
Qf6 15. f4 Bf5 16. bxc5 Nxc5 17. Qc3 Nd3+ 18. Kf1 Nc5 19. Bb2 Nd3 20. g4 Be4
21. Ng3 Bb7 22. Qxd3 Ba6 23. Qf5 Bxc4+ 24. Ke1 Qh4 25. Qh5 Qxh5 26. Nxh5 exf4
27. Nxg7 fxe3 28. dxe3 f6 29. Nh5 Kf7 30. Nxf6 Kg6 31. h4 c5 32. Rd1 d5 33.
Nxd5 Rd8 34. Ne7+ Kf7 35. Rxd8 Kxe7 36. Ra8 Bd5 37. Rxa7+ Kd6 38. Rxh7 Be4 39.
Rh5 Bf3 40. Rg5 Ke6 41. Rf1 Bg2 42. Rf6+ Ke7 43. Rg7+ Ke8 44. Rh6 Kf8 45. Rh8#
1-0

[Event "Junior Online 4NCL Division 3"]
[Site "online"]
[Date "2020.09.03"]
[Round "2.142"]
[White "Gill, Veer"]
[Black "Dayle, Julian"]
[Result "1-0"]
[WhiteElo "1352"]
[BlackElo "1000"]
[PlyCount "43"]
[EventDate "2020.09.03"]
[WhiteTeam "May The Fork Be With You 3"]
[BlackTeam "Rhodes Avenue Bishops"]

1. e4 e5 2. Nf3 Nc6 3. d4 exd4 4. Nxd4 d5 5. exd5 Qxd5 6. Be3 Nf6 7. Nc3 Qd8 8.
Nxc6 bxc6 9. Qxd8+ Kxd8 10. Rd1+ Ke8 11. Bc4 Bf5 12. Bd3 Be6 13. Be2 Bb4 14.
Bf3 Bd5 15. a3 Bxc3+ 16. bxc3 Rb8 17. Bg5 Bxf3 18. gxf3 Nd5 19. c4 Nc3 20. Rd3
Rb1+ 21. Kd2 Rxh1 22. Rd8# 1-0

[Event "Junior Online 4NCL Division 3"]
[Site "online"]
[Date "2020.09.03"]
[Round "2.143"]
[White "Bevan, Alexander"]
[Black "Milani-Foglia, Aurelio"]
[Result "0-1"]
[WhiteElo "977"]
[BlackElo "1352"]
[PlyCount "48"]
[EventDate "2020.09.03"]
[WhiteTeam "Rhodes Avenue Bishops"]
[BlackTeam "May The Fork Be With You 3"]

1. e4 e6 2. d4 d5 3. exd5 exd5 4. Nc3 Nf6 5. Nf3 c5 6. dxc5 Bxc5 7. Bd2 Ng4 8.
Be3 Bxe3 9. fxe3 Nxe3 10. Qe2 d4 11. Nb5 Nc6 12. Rd1 Bg4 13. h3 Bxf3 14. gxf3
O-O 15. Rd3 a6 16. Na3 Nb4 17. Rb3 Re8 18. Qd2 Nc4+ 19. Qe2 Rxe2+ 20. Bxe2 Qh4+
21. Kd1 Ne3+ 22. Kd2 a5 23. Nb5 Rc8 24. Na7 Rxc2# 0-1

[Event "Junior Online 4NCL Division 3"]
[Site "online"]
[Date "2020.09.03"]
[Round "2.144"]
[White "Joshi, Aarav"]
[Black "Gelmini, Gabriel"]
[Result "0-1"]
[WhiteElo "1225"]
[BlackElo "985"]
[PlyCount "38"]
[EventDate "2020.09.03"]
[WhiteTeam "May The Fork Be With You 3"]
[BlackTeam "Rhodes Avenue Bishops"]

1. e4 c5 2. Nc3 Nc6 3. f4 e6 4. Nf3 d5 5. d3 Nge7 6. Be2 g6 7. O-O Bg7 8. Qe1
d4 9. Na4 b5 10. Nxc5 Qb6 11. Nb3 O-O 12. f5 exf5 13. Qh4 fxe4 14. Ng5 h6 15.
Nh3 Nf5 16. Qxe4 Bb7 17. Qf3 Nb4 18. Bd1 Bxf3 19. Bxf3 Rac8 0-1

[Event "Junior Online 4NCL Division 3"]
[Site "online"]
[Date "2020.09.03"]
[Round "2.145"]
[White "Lyons, Joseph"]
[Black "Goswami, Pratyush"]
[Result "0-1"]
[WhiteElo "1367"]
[BlackElo "1262"]
[PlyCount "86"]
[EventDate "2020.09.03"]
[WhiteTeam "May The Fork Be With You 3"]
[BlackTeam "Rhodes Avenue Bishops"]

1. e4 c5 2. Nf3 Nc6 3. Bb5 e6 4. d4 cxd4 5. Nxd4 Nf6 6. Nc3 Bb4 7. Bd2 Nxd4 8.
Bc4 O-O 9. O-O b6 10. Nb5 Bxd2 11. Nxd4 Bf4 12. g3 Bc7 13. Qf3 Bb7 14. Qd3 Bxe4
15. Qe3 Be5 16. c3 Rc8 17. Ba6 Rb8 18. a3 Qc7 19. Nb5 Qc5 20. Qxc5 bxc5 21.
Nxa7 Rxb2 22. Nb5 Bd3 23. Rfe1 Bxc3 24. Nxc3 Bxa6 25. Na4 Rc2 26. Red1 d5 27.
Rac1 Rxc1 28. Rxc1 c4 29. Nb6 Rb8 30. Na4 Rb3 31. Nc5 Rxa3 32. Rb1 h6 33. Rb8+
Kh7 34. Ra8 Ne4 35. Nxa6 Nc5 36. Nc7 Rxa8 37. Nxa8 c3 38. Nb6 c2 39. Kg2 c1=Q
40. Nc8 Ne4 41. Nd6 Nxd6 42. h3 d4 43. h4 d3 0-1

[Event "Junior Online 4NCL Division 3"]
[Site "online"]
[Date "2020.09.03"]
[Round "2.146"]
[White "Dayle, Julian"]
[Black "Gill, Veer"]
[Result "0-1"]
[WhiteElo "1000"]
[BlackElo "1352"]
[PlyCount "114"]
[EventDate "2020.09.03"]
[WhiteTeam "Rhodes Avenue Bishops"]
[BlackTeam "May The Fork Be With You 3"]

1. e4 e6 2. d4 d5 3. Nc3 c5 4. Be3 Qb6 5. Bb5+ Bd7 6. Bxd7+ Nxd7 7. b3 Qb4 8.
Qd2 Ngf6 9. dxc5 Nxc5 10. Bxc5 Bxc5 11. Nf3 dxe4 12. Ne5 Bd4 13. O-O Bxc3 14.
Qd3 Bxe5 15. Rad1 exd3 16. Rxd3 O-O 17. Rfd1 Bxh2+ 18. Kxh2 Qf4+ 19. Kg1 Ng4
20. Rf3 Qh2+ 21. Kf1 Qh1+ 22. Ke2 Rad8 23. Rxh1 Ne5 24. Rfh3 h6 25. f4 Ng4 26.
Rh4 Nf6 27. R4h3 Rc8 28. Kd3 Rfd8+ 29. Ke3 Nd5+ 30. Ke4 Nc3+ 31. Kf3 Nxa2 32.
Rg3 Rc3+ 33. Kg4 f5+ 34. Kh3 Rxg3+ 35. Kxg3 Rd2 36. Rg1 Rxc2 37. b4 Rb2 38. Rc1
Rxb4 39. Rc8+ Kh7 40. Kf3 Rb3+ 41. Ke2 Nc3+ 42. Kd2 Ne4+ 43. Kc2 Rc3+ 44. Kb2
Rxc8 45. g3 Nxg3 46. Kb3 Ne2 47. Kb4 Nxf4 48. Kb5 g5 49. Ka5 g4 50. Ka4 g3 51.
Ka3 Rc4 52. Ka2 Rc3 53. Ka1 Rc2 54. Kb1 Rd2 55. Kc1 Re2 56. Kd1 g2 57. Kc1
g1=R# 0-1

[Event "Junior Online 4NCL Division 3"]
[Site "online"]
[Date "2020.09.03"]
[Round "2.147"]
[White "Milani-Foglia, Aurelio"]
[Black "Bevan, Alexander"]
[Result "1/2-1/2"]
[WhiteElo "1352"]
[BlackElo "977"]
[PlyCount "137"]
[EventDate "2020.09.03"]
[WhiteTeam "May The Fork Be With You 3"]
[BlackTeam "Rhodes Avenue Bishops"]

1. e4 c5 2. c3 Nc6 3. d4 e6 4. Nf3 d5 5. Nbd2 cxd4 6. cxd4 dxe4 7. Nxe4 Be7 8.
Bb5 Bd7 9. O-O Nf6 10. Nxf6+ Bxf6 11. Bf4 O-O 12. Rc1 a6 13. Bxc6 Bxc6 14. Ne5
Bxe5 15. Bxe5 Rc8 16. Re1 f6 17. Bf4 Re8 18. h3 Qd7 19. a3 Red8 20. Be3 Ba4 21.
b3 Bc6 22. a4 b5 23. Ra1 bxa4 24. bxa4 e5 25. dxe5 Qxd1 26. Rexd1 Rxd1+ 27.
Rxd1 fxe5 28. a5 Re8 29. Bb6 Bb5 30. Re1 h6 31. Bc7 e4 32. g4 Re7 33. Bd6 Re6
34. Bc5 Bc4 35. Kg2 Re5 36. Bb6 Bd5 37. Kg3 Bc4 38. Kf4 Re6 39. Rxe4 Rxe4+ 40.
Kxe4 Bb5 41. h4 Kf7 42. Ke5 Kg6 43. Ke6 h5 44. f3 Kh6 45. Kf5 g6+ 46. Kf4 Bd3
47. Bd4 Bc4 48. Bf6 Bb5 49. g5+ Kh7 50. Ke5 Bc4 51. Kd6 Be2 52. f4 Bd3 53. Ke7
Bc4 54. Kf8 Bb5 55. Bg7 Bc4 56. Bh6 Bb5 57. Kf7 Bc4+ 58. Kf6 Bd3 59. Bg7 Bc2
60. Bf8 Bd3 61. Ke5 Bc2 62. Bc5 Bd3 63. Be7 Bc2 64. Ke6 Bd3 65. Bf6 Bc2 66. Be5
Bd3 67. Bf6 Bc2 68. Be5 Bd3 69. Bf6 1/2-1/2

[Event "Junior Online 4NCL Division 3"]
[Site "online"]
[Date "2020.09.03"]
[Round "2.148"]
[White "Gelmini, Gabriel"]
[Black "Joshi, Aarav"]
[Result "1-0"]
[WhiteElo "985"]
[BlackElo "1225"]
[PlyCount "207"]
[EventDate "2020.09.03"]
[WhiteTeam "Rhodes Avenue Bishops"]
[BlackTeam "May The Fork Be With You 3"]

1. d4 Nf6 2. c4 e6 3. Nf3 Bb4+ 4. Bd2 Bxd2+ 5. Qxd2 O-O 6. Nc3 b6 7. e3 Bb7 8.
Be2 d6 9. O-O Nbd7 10. Rad1 e5 11. dxe5 dxe5 12. Qc2 e4 13. Nd2 Re8 14. Rfe1
Qe7 15. f3 exf3 16. Bxf3 Bxf3 17. Nxf3 Ne5 18. Nxe5 Qxe5 19. h3 Qg5 20. Qd2 c5
21. Nd5 Rad8 22. Nxf6+ Qxf6 23. Qc1 Rxd1 24. Rxd1 h6 25. Rf1 Qe6 26. Re1 f5 27.
Kf2 g5 28. b3 Kf7 29. a4 Kg6 30. Qd2 h5 31. Qc1 g4 32. Qd2 gxh3 33. gxh3 Qe4
34. Rg1+ Kf6 35. Qd6+ Re6 36. Qd8+ Re7 37. Qf8+ Rf7 38. Qh6+ Ke5 39. Qxh5 Qc2+
40. Kf1 Qc1+ 41. Kf2 Qc2+ 42. Kf1 Qd3+ 43. Qe2 Qxe2+ 44. Kxe2 f4 45. exf4+ Rxf4
46. Rh1 Rh4 47. Kf3 Rf4+ 48. Kg3 Rf6 49. h4 Kf5 50. Kf3 Kg6+ 51. Kg4 Kh6 52. h5
Rf2 53. Re1 Rf6 54. Re7 a5 55. Re8 Kg7 56. Re7+ Kf8 57. Re5 Kf7 58. Rg5 Re6 59.
Kf5 Rh6 60. Kg4 Rf6 61. Kh4 Rh6 62. Kg4 Kf6 63. Rd5 Ke6 64. Rg5 Kf6 65. Rd5 Ke6
66. Rg5 Rf6 67. Rg6 Rxg6+ 68. hxg6 Kf6 69. Kh5 Kg7 70. Kg5 Kf8 71. Kf6 Kg8 72.
Ke6 Kg7 73. Kd6 Kxg6 74. Kc6 Kf6 75. Kxb6 Ke6 76. Kxc5 Kd7 77. Kb5 Kc7 78. Kxa5
Kb7 79. b4 Kc7 80. Ka6 Kb8 81. b5 Ka8 82. b6 Kb8 83. c5 Kc8 84. c6 Kb8 85. c7+
Kc8 86. Ka7 Kd7 87. b7 Kxc7 88. b8=Q+ Kc6 89. Qb6+ Kd5 90. a5 Kc4 91. Qc6+ Kd4
92. a6 Kd3 93. Kb7 Kd2 94. a7 Ke1 95. a8=Q Kd2 96. Qa2+ Kd3 97. Qca4 Kc3 98.
Q4b3+ Kd4 99. Qaa4+ Kc5 100. Qbb5+ Kd6 101. Qaa6+ Ke7 102. Qc5+ Kf7 103. Qc7+
Ke8 104. Qa8# 1-0

[Event "Junior Online 4NCL Division 3"]
[Site "online"]
[Date "2020.09.03"]
[Round "2.151"]
[White "Pardeshi, Prachi"]
[Black "Jayawarna, Thisumi"]
[Result "0-1"]
[WhiteElo "523"]
[BlackElo "1637"]
[PlyCount "32"]
[EventDate "2020.09.03"]
[WhiteTeam "East Kilbride Bishops"]
[BlackTeam "Manchester Juniors B"]

1. e4 d5 2. exd5 Qxd5 3. Nc3 Qa5 4. Nf3 Nf6 5. d4 c6 6. Bc4 Bg4 7. Qd3 Nbd7 8.
O-O e6 9. Bd2 Qh5 10. Ng5 h6 11. f3 hxg5 12. fxg4 Qxh2+ 13. Kf2 Nxg4+ 14. Kf3
Nde5+ 15. Ke4 Qxg2+ 16. Qf3 f5# 0-1

[Event "Junior Online 4NCL Division 3"]
[Site "online"]
[Date "2020.09.03"]
[Round "2.152"]
[White "Fung, Marcus"]
[Black "Roul, Karan"]
[Result "1-0"]
[WhiteElo "1382"]
[BlackElo "427"]
[PlyCount "74"]
[EventDate "2020.09.03"]
[WhiteTeam "Manchester Juniors B"]
[BlackTeam "East Kilbride Bishops"]

1. d4 d5 2. Bf4 Nf6 3. e3 g6 4. Bd3 Bg7 5. c3 O-O 6. f3 Nbd7 7. Nd2 b6 8. g3 c5
9. b3 Bb7 10. g4 Re8 11. h3 e5 12. Bg5 cxd4 13. cxd4 exd4 14. Nf1 Nc5 15. Rc1
h6 16. Bxf6 Bxf6 17. Qd2 Bh4+ 18. Ke2 Rc8 19. Bb1 d3+ 20. Bxd3 Nxd3 21. Rxc8
Qxc8 22. Qxd3 Qd8 23. Nd2 d4 24. e4 Qd7 25. Kf1 Qc8 26. Nc4 Rd8 27. Ne2 Bf6 28.
Kg2 Rd7 29. Rc1 Qd8 30. e5 Bg7 31. Rd1 b5 32. Nd6 Bxe5 33. Nxb7 Rxb7 34. Qe4
Re7 35. Nxd4 Rd7 36. Qxe5 Re7 37. Qxb5 Re8 1-0

[Event "Junior Online 4NCL Division 3"]
[Site "online"]
[Date "2020.09.03"]
[Round "2.153"]
[White "Roul, Tushar"]
[Black "Correa, Rebecca"]
[Result "1/2-1/2"]
[WhiteElo "395"]
[BlackElo "1390"]
[PlyCount "78"]
[EventDate "2020.09.03"]
[WhiteTeam "East Kilbride Bishops"]
[BlackTeam "Manchester Juniors B"]

1. e4 c5 2. d4 cxd4 3. Nf3 Nf6 4. Qxd4 Nc6 5. Qd3 e6 6. Nc3 Be7 7. Bf4 O-O 8.
O-O-O Qb6 9. Nb5 a6 10. Nc7 Ra7 11. Be3 Bc5 12. Bxc5 Qxc5 13. Nd4 Nxd4 14. Qxd4
Qxd4 15. Rxd4 b5 16. e5 Rxc7 17. exf6 gxf6 18. Rg4+ Kh8 19. Bd3 Bb7 20. Rh4 f5
21. Rg1 Rg8 22. g4 Bf3 23. Rg3 Be4 24. gxf5 Rxg3 25. Bxe4 exf5 26. Bxf5 Rg7 27.
Bd3 Rc6 28. h3 Rf6 29. f4 Re6 30. Kd1 Rg1+ 31. Kd2 Rg2+ 32. Kd1 Rg7 33. Kd2 Rf6
34. Kd1 Rg1+ 35. Kd2 Rg2+ 36. Kd1 Rg7 37. Kd2 Rg2+ 38. Kd1 Rg1+ 39. Kd2 Rg2+
1/2-1/2

[Event "Junior Online 4NCL Division 3"]
[Site "online"]
[Date "2020.09.03"]
[Round "2.154"]
[White "Ye, Tim"]
[Black "Narasimhan, Srivathsan"]
[Result "0-1"]
[WhiteElo "1367"]
[BlackElo "410"]
[PlyCount "102"]
[EventDate "2020.09.03"]
[WhiteTeam "Manchester Juniors B"]
[BlackTeam "East Kilbride Bishops"]

1. e4 e5 2. Nf3 Nc6 3. Bc4 Nf6 4. d3 Bc5 5. c3 O-O 6. Bg5 Na5 7. Bb5 a6 8. Ba4
b5 9. Bc2 d6 10. b4 Bb6 11. bxa5 Bxa5 12. O-O d5 13. Nxe5 Re8 14. Nc6 Qd6 15.
Nxa5 Ng4 16. g3 Re5 17. Bf4 Qf6 18. Bxe5 Qxe5 19. Qf3 Qh5 20. Qg2 Ne5 21. Qh1
Bg4 22. h4 Bf3 23. Qh3 Bg4 24. Qh2 Nf3+ 25. Kh1 Nxh2 26. Kxh2 dxe4 27. dxe4 f5
28. exf5 Bxf5 29. Bxf5 Qxf5 30. Nd2 Rd8 31. Ndb3 g5 32. hxg5 Qxg5 33. Kg2 Qd5+
34. f3 c5 35. Nc1 Qd2+ 36. Kh3 Qxc3 37. Ncb3 c4 38. Rac1 Qf6 39. Nc5 Qf5+ 40.
Kh2 Qxc5 41. Nb7 Rd2+ 42. Kh3 Qc8+ 43. Kh4 Qxb7 44. a3 Qe7+ 45. Kh3 Qe6+ 46.
Kh4 Rd4+ 47. f4 Qf6+ 48. Kh3 Qh6+ 49. Kg2 Rd2+ 50. Kf3 Qh5+ 51. Ke3 Qe2# 0-1

[Event "Junior Online 4NCL Division 3"]
[Site "online"]
[Date "2020.09.03"]
[Round "2.155"]
[White "Jayawarna, Thisumi"]
[Black "Pardeshi, Prachi"]
[Result "1-0"]
[WhiteElo "1637"]
[BlackElo "523"]
[PlyCount "95"]
[EventDate "2020.09.03"]
[WhiteTeam "Manchester Juniors B"]
[BlackTeam "East Kilbride Bishops"]

1. e4 e5 2. Nf3 Nc6 3. Bc4 Bc5 4. c3 d6 5. h3 h6 6. d3 Nf6 7. O-O Qe7 8. Bb3
Bd7 9. Bc2 O-O 10. Nbd2 b5 11. Nb3 Bb6 12. Nh2 a5 13. Bd2 b4 14. cxb4 Nxb4 15.
Bxb4 axb4 16. Qd2 c5 17. Bd1 c4 18. dxc4 Nxe4 19. Qxb4 Bc5 20. Nxc5 Nxc5 21.
Qc3 Qg5 22. Bg4 f5 23. Be2 f4 24. Bg4 Bc6 25. Bf3 e4 26. Bd1 h5 27. Kh1 e3 28.
Nf3 Qe7 29. fxe3 fxe3 30. Qe1 Ne4 31. Kg1 Nc5 32. Nd4 Nd3 33. Nxc6 Rxf1+ 34.
Qxf1 Qe4 35. Qf3 Qxf3 36. Bxf3 Nxb2 37. Ne7+ Kf7 38. Bxa8 Nxc4 39. Bd5+ Kxe7
40. Bxc4 Kf6 41. Re1 g5 42. Rxe3 Kg6 43. a4 h4 44. a5 Kh5 45. a6 Kg6 46. a7 Kf5
47. a8=Q Kf4 48. Qf3# 1-0

[Event "Junior Online 4NCL Division 3"]
[Site "online"]
[Date "2020.09.03"]
[Round "2.156"]
[White "Roul, Karan"]
[Black "Fung, Marcus"]
[Result "0-1"]
[WhiteElo "427"]
[BlackElo "1382"]
[PlyCount "74"]
[EventDate "2020.09.03"]
[WhiteTeam "East Kilbride Bishops"]
[BlackTeam "Manchester Juniors B"]

1. e4 e5 2. Nf3 Nc6 3. Nc3 Bc5 4. Nxe5 Nxe5 5. d4 Bxd4 6. Qxd4 Ng6 7. Qxg7 Qf6
8. Bh6 d6 9. g4 Bxg4 10. Rg1 Bh5 11. Be2 Bxe2 12. Nxe2 O-O-O 13. O-O-O d5 14.
exd5 Rd6 15. Qxf6 Nxf6 16. Bg7 Rhd8 17. Bxf6 Rxf6 18. Nc3 Rxf2 19. Rh1 Nf4 20.
Rhf1 Rxf1 21. Rxf1 Nxd5 22. Nxd5 Rxd5 23. Rxf7 Rh5 24. Rf2 b6 25. Kd2 c5 26. b3
Kc7 27. c4 Kd6 28. Kd3 Ke5 29. Re2+ Kf4 30. Rf2+ Ke5 31. Re2+ Kd6 32. Kc3 a5
33. a3 Kc6 34. Re6+ Kb7 35. Re7+ Ka6 36. Re2 Rh3+ 37. Kc2 h5 0-1

[Event "Junior Online 4NCL Division 3"]
[Site "online"]
[Date "2020.09.03"]
[Round "2.157"]
[White "Correa, Rebecca"]
[Black "Roul, Tushar"]
[Result "1-0"]
[WhiteElo "1390"]
[BlackElo "395"]
[PlyCount "107"]
[EventDate "2020.09.03"]
[WhiteTeam "Manchester Juniors B"]
[BlackTeam "East Kilbride Bishops"]

1. d4 d5 2. Nf3 Nf6 3. Bf4 g6 4. h3 Bg7 5. e3 O-O 6. Be2 Nbd7 7. O-O Re8 8.
Nbd2 Nh5 9. Bh2 e5 10. dxe5 Nxe5 11. Nxe5 Bxe5 12. Bxe5 Rxe5 13. Nf3 Re8 14.
Qd4 c6 15. Rad1 Qf6 16. Qxf6 Nxf6 17. Rfe1 Be6 18. Nd4 Bd7 19. Bd3 Ne4 20. Nf3
Rad8 21. Nd2 Bf5 22. Nxe4 Bxe4 23. Bxe4 Rxe4 24. Rd4 Rxd4 25. exd4 Kf8 26. g4
Re8 27. Rxe8+ Kxe8 28. f4 Ke7 29. Kf2 Ke6 30. Ke3 f5 31. g5 a6 32. Kd3 Kd6 33.
Kc3 c5 34. a4 cxd4+ 35. Kxd4 Kc6 36. b4 b5 37. a5 Kd6 38. c3 Kc6 39. Ke5 Kd7
40. Kxd5 Kc7 41. Kc5 Kb7 42. Kd6 Kc8 43. Kc6 Kb8 44. Kb6 Kc8 45. Kxa6 Kd7 46.
Kb7 Kd6 47. a6 Kd5 48. a7 Kc4 49. a8=Q Kxc3 50. Qc8+ Kxb4 51. Qc2 Ka5 52. Qb3
b4 53. Kc6 Ka6 54. Qa4# 1-0

[Event "Junior Online 4NCL Division 3"]
[Site "online"]
[Date "2020.09.03"]
[Round "2.158"]
[White "Narasimhan, Srivathsan"]
[Black "Ye, Tim"]
[Result "0-1"]
[WhiteElo "410"]
[BlackElo "1367"]
[PlyCount "100"]
[EventDate "2020.09.03"]
[WhiteTeam "East Kilbride Bishops"]
[BlackTeam "Manchester Juniors B"]

1. e4 e5 2. Nf3 Nc6 3. Nc3 Nf6 4. Bc4 Bc5 5. O-O d6 6. Nd5 Bg4 7. Nxf6+ Qxf6 8.
Be2 Qg6 9. Nh4 Qg5 10. Nf5 Bxf5 11. exf5 Qxf5 12. Bg4 Qg6 13. d3 O-O 14. h4 h6
15. h5 Qf6 16. Be3 Bxe3 17. fxe3 Qg5 18. Rf5 Qxe3+ 19. Kh1 Nd4 20. Rf1 f5 21.
Bxf5 Rxf5 22. Rxf5 Nxf5 23. Qg4 Qg5 24. Qxg5 hxg5 25. Rf1 Nd4 26. Kh2 Rf8 27.
Rxf8+ Kxf8 28. Kg3 Nxc2 29. Kg4 Kg8 30. Kxg5 Kh7 31. g4 Nd4 32. Kh4 d5 33. g5
e4 34. dxe4 dxe4 35. g6+ Kh6 36. Kg4 e3 37. Kf4 e2 38. Ke3 e1=Q+ 39. Kxd4 Kxh5
40. Kd3 Kxg6 41. Kc2 Kf5 42. Kb3 Qe4 43. Kc3 g5 44. Kd2 g4 45. Kc3 g3 46. Kd2
g2 47. Kc3 g1=Q 48. Kd2 Qg3 49. Kd1 Qgg2 50. Kc1 Qe1# 0-1

[Event "Junior Online 4NCL Division 3"]
[Site "online"]
[Date "2020.09.03"]
[Round "2.161"]
[White "Kulkarni, Arnav"]
[Black "Cepoi, Gesneria-Codruta"]
[Result "0-1"]
[WhiteElo "1033"]
[BlackElo "1375"]
[PlyCount "98"]
[EventDate "2020.09.03"]
[WhiteTeam "St John's College C"]
[BlackTeam "Uxbridge Girls"]

1. e4 e5 2. Nf3 Nc6 3. Bc4 h6 4. Nc3 Nf6 5. h3 d6 6. O-O Be7 7. d4 exd4 8. Nxd4
Ne5 9. Qe2 c5 10. Nf3 Nxc4 11. Qxc4 Be6 12. Qb5+ Qd7 13. Qxd7+ Bxd7 14. Re1 O-O
15. Nd5 Nxd5 16. exd5 Bf6 17. c3 Bb5 18. Bf4 Rad8 19. a4 Bc4 20. Nd2 Bxd5 21.
a5 g5 22. Bg3 h5 23. a6 h4 24. Bh2 b5 25. Ra5 Bc6 26. Re3 Kg7 27. Rd3 Be7 28.
c4 b4 29. Ra2 d5 30. Be5+ f6 31. Bc7 Rd7 32. cxd5 Bxd5 33. Bh2 Rfd8 34. Ra5 Kg6
35. Rb5 Kh5 36. g4+ Kg6 37. f4 c4 38. Rd4 c3 39. bxc3 bxc3 40. f5+ Kf7 41. Nf1
c2 42. Rbxd5 Rxd5 43. Rc4 Rc5 44. Rxc2 Rxc2 45. Ne3 Rc1+ 46. Kg2 Rd2+ 47. Kf3
Rxh2 48. Nd5 Rxh3+ 49. Ke4 Rc4# 0-1

[Event "Junior Online 4NCL Division 3"]
[Site "online"]
[Date "2020.09.03"]
[Round "2.162"]
[White "Eshwar, Ananya"]
[Black "Baranidharan, Kritthik"]
[Result "1-0"]
[WhiteElo "947"]
[BlackElo "1040"]
[PlyCount "127"]
[EventDate "2020.09.03"]
[WhiteTeam "Uxbridge Girls"]
[BlackTeam "St John's College C"]

1. d4 d5 2. Bf4 Nf6 3. e3 a6 4. Nf3 Nbd7 5. Bd3 c5 6. O-O h6 7. h3 g5 8. Bh2
Bg7 9. Ne5 O-O 10. Nd2 Qc7 11. Ng6 Qd8 12. Nxf8 Nxf8 13. Be5 N8d7 14. Bxf6 Bxf6
15. c3 e5 16. dxe5 Bxe5 17. Bc2 d4 18. exd4 cxd4 19. Nf3 Bf6 20. Nxd4 Ne5 21.
Re1 g4 22. Nf5 Qb6 23. Nxh6+ Kg7 24. Nxg4 Bxg4 25. hxg4 Bh4 26. g3 Bf6 27. b3
Rh8 28. c4 Qc6 29. Be4 Qe6 30. Bd5 Qe7 31. Rc1 Qc7 32. f4 Qc5+ 33. Kf1 Nc6 34.
g5 Bb2 35. Rc2 Ba3 36. Qd3 Nb4 37. Qc3+ Kg8 38. Rce2 Nxd5 39. Qd3 Rh1+ 40. Kg2
Rh8 41. cxd5 Qc8 42. Re8+ Qxe8 43. Rxe8+ Bf8 44. Re5 Kg7 45. d6 Bxd6 46. Qxd6
f6 47. Qxf6+ Kg8 48. Qg6+ Kf8 49. Rf5+ Ke7 50. Qf6+ Kd7 51. Qxh8 Kc6 52. Qg7
Kb6 53. a4 Ka7 54. Qe7 a5 55. g6 Ka6 56. g7 b5 57. axb5+ Kb6 58. Qe5 a4 59.
bxa4 Ka5 60. g8=Q Kxa4 61. Qa2+ Kb4 62. Qe4+ Kc3 63. Qa3+ Kd2 64. Rd5# 1-0

[Event "Junior Online 4NCL Division 3"]
[Site "online"]
[Date "2020.09.03"]
[Round "2.163"]
[White "Singh, Ayush"]
[Black "Siddiqui, Zainab"]
[Result "0-1"]
[WhiteElo "967"]
[BlackElo "835"]
[PlyCount "34"]
[EventDate "2020.09.03"]
[WhiteTeam "St John's College C"]
[BlackTeam "Uxbridge Girls"]

1. e4 e5 2. Nf3 Nf6 3. Nxe5 Nxe4 4. Bc4 d5 5. Qf3 f5 6. Bd3 Qf6 7. Qh5+ g6 8.
Ng4 fxg4 9. Qxg4 Bxg4 10. f3 Qd4 11. fxg4 Qf2+ 12. Kd1 Qxg2 13. Re1 Qxg4+ 14.
Re2 Be7 15. Bb5+ c6 16. Bd3 Nf2+ 17. Ke1 Qg1# 0-1

[Event "Junior Online 4NCL Division 3"]
[Site "online"]
[Date "2020.09.03"]
[Round "2.164"]
[White "Chopra, Raashi"]
[Black "Fattorelli, Giulio"]
[Result "0-1"]
[WhiteElo "737"]
[BlackElo "872"]
[PlyCount "52"]
[EventDate "2020.09.03"]
[WhiteTeam "Uxbridge Girls"]
[BlackTeam "St John's College C"]

1. e4 d5 2. d3 dxe4 3. f3 exf3 4. gxf3 e5 5. c3 e4 6. dxe4 f5 7. exf5 Bxf5 8.
Bf4 Qxd1+ 9. Kxd1 Nf6 10. Nd2 Bc5 11. Be3 Bxe3 12. Ke1 O-O 13. Ne2 Nc6 14. Nc4
Rfd8 15. Nxe3 Bd3 16. Ng3 Bxf1 17. Ngxf1 Nd5 18. Nxd5 Rxd5 19. c4 Rd4 20. Rg1
Re8+ 21. Kf2 Rxc4 22. b3 Ne5 23. bxc4 Nxc4 24. Rc1 Na5 25. Rc5 Nc6 26. Rxc6
bxc6 0-1

[Event "Junior Online 4NCL Division 3"]
[Site "online"]
[Date "2020.09.03"]
[Round "2.165"]
[White "Cepoi, Gesneria-Codruta"]
[Black "Kulkarni, Arnav"]
[Result "0-1"]
[WhiteElo "1375"]
[BlackElo "1033"]
[PlyCount "100"]
[EventDate "2020.09.03"]
[WhiteTeam "Uxbridge Girls"]
[BlackTeam "St John's College C"]

1. e4 e5 2. Nf3 Nc6 3. Bc4 Nf6 4. Nc3 Bc5 5. h3 O-O 6. O-O d6 7. Be2 Be6 8. d3
h6 9. a3 Nd4 10. b4 Nxf3+ 11. Bxf3 Bd4 12. Bb2 Qd7 13. Rb1 a6 14. Ne2 Bxb2 15.
Rxb2 Qa4 16. Qa1 Qd7 17. d4 exd4 18. Nxd4 Bxh3 19. gxh3 Qxh3 20. Bg2 Qh4 21.
Qe1 Ng4 22. Nf3 Qf6 23. Rb3 h5 24. Nh2 Nxh2 25. Kxh2 Qf4+ 26. Kg1 Rae8 27. Rf3
Qg4 28. Re3 Re6 29. f3 Qg5 30. f4 Qg4 31. f5 Rh6 32. e5 dxe5 33. Rxe5 h4 34.
Re4 Qg5 35. Kh2 h3 36. Bxh3 Rd8 37. Rg4 Rd2+ 38. Rf2 Rxf2+ 39. Qxf2 Qxg4 40.
Qf1 Qe4 41. Qf2 Qe5+ 42. Kg2 Qd5+ 43. Kg3 Qd6+ 44. Kg4 Qd1+ 45. Kg3 Qd6+ 46.
Kg2 Qd5+ 47. Kg1 Rxh3 48. Kf1 Qd1+ 49. Kg2 Qg4+ 50. Kf1 Rh1+ 0-1